〈原神〉特産品レーダーを持つキャラ - Statistics

General Stats
  • This quiz has been taken 52 times
  • The average score is 12 of 15
Answer Stats
地域 キャラクター % Correct
スメール ティナリ
89%
ナタ カチーナ
87%
ナドクライ ラウマ
87%
ナドクライ アイノ
87%
モンド ミカ
84%
フォンテーヌ リネ
84%
ナタ ムアラニ
84%
ナタ キィニチ
84%
ナドクライ フリンズ
84%
モンド クレー
79%
璃月 煙緋
79%
稲妻 ゴロー
68%
スメール セトス
68%
フォンテーヌ クロリンデ
66%
璃月 七七
58%
No matching quizzes found
Score Distribution
Percent of People with Each Score
Percentile by Number Answered
Your Score History
You have not taken this quiz